| 000 | 00881cam a22002773a 4500 | ||
|---|---|---|---|
| 001 | 13645 | ||
| 003 | PGUSA | ||
| 005 | 20140828083307.0 | ||
| 008 | 041005s2004||||xxu|||||s|||||000 e eng d | ||
| 040 |
_aPGUSA _beng |
||
| 042 | _adc | ||
| 050 | 4 | _aPR | |
| 245 | 1 | 4 |
_aThe Tatler, Volume 1, 1899 _h[electronic resource] |
| 260 |
_bProject Gutenberg, _c2004 |
||
| 506 | _aPublic domain in the USA. | ||
| 516 | _aElectronic text | ||
| 653 | _aGreat Britain -- Politics and government -- 1702-1714 -- Periodicals | ||
| 653 | _aEnglish essays -- 18th century -- Periodicals | ||
| 653 | _aEnglish wit and humor -- Periodicals | ||
| 700 | 1 |
_aAitken, George Atherton, _d1860-1917 |
|
| 700 | 1 |
_aSteele, Richard, _cSir, _d1672-1729 |
|
| 700 | 1 |
_aAddison, Joseph, _d1672-1719 |
|
| 830 | 0 |
_aProject Gutenberg _v13645 |
|
| 856 | 4 | 0 | _uhttp://www.gutenberg.org/ebooks/13645 |
| 942 | _cEB | ||
| 999 |
_c242900 _d242900 |
||